Produkcia bioaktívnych látok endofytmi rastliny čeľade Magnoliaceae

Na minha lista:
Detalhes bibliográficos
Autor principal: Lukáčiková, Ľubica (Author)
Formato: Manuscrito Livro
Idioma:eslovaco
Publicado em: Bratislava : STU v Bratislave FCHPT, 2004
Edição:Obháj.: 7.6.2004
Tags: Adicionar Tag
Sem tags, seja o primeiro a adicionar uma tag!

MARC

LEADER 00000ntm a22000003a 4500
001 stu88340
005 20150617225630.4
008 040624s2004----xo------------------slo-d
040 |a STU  |b slo 
041 0 |a slo 
044 |a xo 
100 1 |a Lukáčiková, Ľubica  |4 aut 
245 1 |a Produkcia bioaktívnych látok endofytmi rastliny čeľade Magnoliaceae 
250 |a Obháj.: 7.6.2004 
260 |a Bratislava :  |b STU v Bratislave FCHPT,  |c 2004 
300 |a 61 s. Obr.,tab.,grafy,lit 
500 |a Špec.: Biotechnológia 
996 |b 284C030483  |c C*D14103  |l C  |s P  |a 0  |w stu88340_0001